<?xml version="1.0" encoding="UTF-8"?>
<record
    xmlns:xsi="http://www.w3.org/2001/XMLSchema-instance"
    xsi:schemaLocation="http://www.loc.gov/MARC21/slim http://www.loc.gov/standards/marcxml/schema/MARC21slim.xsd"
    xmlns="http://www.loc.gov/MARC21/slim">

  <leader>01136nam a22002537a 4500</leader>
  <controlfield tag="005">20170124102928.0</controlfield>
  <datafield tag="010" ind1=" " ind2=" ">
    <subfield code="a">B-153219</subfield>
  </datafield>
  <datafield tag="020" ind1=" " ind2=" ">
    <subfield code="c">195.00</subfield>
  </datafield>
  <datafield tag="035" ind1=" " ind2=" ">
    <subfield code="a">B-153219</subfield>
  </datafield>
  <datafield tag="037" ind1=" " ind2=" ">
    <subfield code="b">Cen Lib/Ret</subfield>
  </datafield>
  <datafield tag="040" ind1=" " ind2=" ">
    <subfield code="a">DPL</subfield>
    <subfield code="b">HN</subfield>
  </datafield>
  <datafield tag="082" ind1=" " ind2=" ">
    <subfield code="a">820.8</subfield>
    <subfield code="b">&#x92F;&#x93E;&#x926;&#x935; </subfield>
  </datafield>
  <datafield tag="100" ind1=" " ind2=" ">
    <subfield code="a">&#x92F;&#x93E;&#x926;&#x935;, &#x930;&#x93E;&#x91C;&#x947;&#x928;&#x94D;&#x926;&#x94D;&#x930;</subfield>
    <subfield code="9">42810</subfield>
  </datafield>
  <datafield tag="245" ind1=" " ind2=" ">
    <subfield code="a">&#x935;&#x947; &#x926;&#x947;&#x935;&#x924;&#x93E; &#x928;&#x939;&#x940;&#x902; &#x939;&#x948;... :</subfield>
    <subfield code="c">&#x930;&#x93E;&#x91C;&#x947;&#x928;&#x94D;&#x926;&#x94D;&#x930; &#x92F;&#x93E;&#x926;&#x935; </subfield>
    <subfield code="b">&#x938;&#x92E;&#x915;&#x93E;&#x932;&#x940;&#x928;&#x94B; &#x915;&#x947; &#x938;&#x902;&#x938;&#x94D;&#x92E;&#x930;&#x923; &#x914;&#x930; &#x935;&#x93F;&#x936;&#x94D;&#x932;&#x947;&#x937;&#x923; /</subfield>
  </datafield>
  <datafield tag="246" ind1=" " ind2=" ">
    <subfield code="a">Ve devta nahi hai... : samkaleeno ke sansmaran aur vishleshan /</subfield>
    <subfield code="b">by Rajendra Yadav </subfield>
  </datafield>
  <datafield tag="260" ind1=" " ind2=" ">
    <subfield code="a">&#x926;&#x93F;&#x932;&#x94D;&#x932;&#x940; </subfield>
    <subfield code="b">&#x935;&#x93F;&#x926;&#x94D;&#x92F;&#x93E;&#x928;&#x93F;&#x927;&#x93F; </subfield>
    <subfield code="c">2005</subfield>
  </datafield>
  <datafield tag="270" ind1=" " ind2=" ">
    <subfield code="a">1/&#x96B;&#x96F;&#x96D;&#x967;, &#x915;&#x92C;&#x942;&#x932; &#x928;&#x917;&#x930;, &#x936;&#x93E;&#x939;&#x926;&#x930;&#x93E; </subfield>
    <subfield code="b">&#x926;&#x93F;&#x932;&#x94D;&#x932;&#x940; </subfield>
    <subfield code="e">110032</subfield>
  </datafield>
  <datafield tag="300" ind1=" " ind2=" ">
    <subfield code="a">216&#x92A;&#x943;.</subfield>
    <subfield code="c">21&#x938;&#x947;&#x92E;&#x940; (&#x938;&#x91C;&#x93F;&#x932;&#x94D;&#x926;)</subfield>
  </datafield>
  <datafield tag="650" ind1=" " ind2=" ">
    <subfield code="a">&#x939;&#x93F;&#x928;&#x94D;&#x926;&#x940; &#x938;&#x93E;&#x939;&#x93F;&#x924;&#x94D;&#x92F; </subfield>
    <subfield code="9">44228</subfield>
  </datafield>
  <datafield tag="650" ind1=" " ind2=" ">
    <subfield code="a">&#x938;&#x93E;&#x939;&#x93F;&#x924;&#x94D;&#x92F; &#x935;&#x93F;&#x936;&#x94D;&#x932;&#x947;&#x937;&#x923; </subfield>
    <subfield code="9">1200</subfield>
  </datafield>
  <datafield tag="650" ind1=" " ind2=" ">
    <subfield code="a">Hindi literature</subfield>
    <subfield code="9">44229</subfield>
  </datafield>
  <datafield tag="650" ind1=" " ind2=" ">
    <subfield code="a">Literary Analysis</subfield>
    <subfield code="9">44230</subfield>
  </datafield>
  <datafield tag="942" ind1=" " ind2=" ">
    <subfield code="2">ddc</subfield>
    <subfield code="c">HN</subfield>
    <subfield code="h">820.8</subfield>
    <subfield code="m">&#x92F;&#x93E;&#x926;&#x935; </subfield>
  </datafield>
  <datafield tag="999" ind1=" " ind2=" ">
    <subfield code="c">111722</subfield>
    <subfield code="d">111722</subfield>
  </datafield>
  <datafield tag="952" ind1=" " ind2=" ">
    <subfield code="0">0</subfield>
    <subfield code="1">0</subfield>
    <subfield code="2">ddc</subfield>
    <subfield code="4">0</subfield>
    <subfield code="7">0</subfield>
    <subfield code="8">NFIC</subfield>
    <subfield code="a">BL4</subfield>
    <subfield code="b">BL4</subfield>
    <subfield code="d">2015-08-05</subfield>
    <subfield code="e">Cen Lib/Ret</subfield>
    <subfield code="g">195.00</subfield>
    <subfield code="l">3</subfield>
    <subfield code="o">820.8 &#x92F;&#x93E;&#x926;&#x935;</subfield>
    <subfield code="p">B-153223</subfield>
    <subfield code="r">2018-09-20 00:00:00</subfield>
    <subfield code="s">2018-09-15</subfield>
    <subfield code="t">1</subfield>
    <subfield code="v">195.00</subfield>
    <subfield code="w">2015-08-05</subfield>
    <subfield code="y">HN</subfield>
  </datafield>
</record>
